000 00441nam a2200169Ia 4500
003 GCL
008 140319s9999 xx 000 0 ara d
040 _aGCL /
_cGCL
082 0 4 _a813.03
_bف ع
100 1 _aفاروق منيب
245 1 0 _aعابرو سبيل /
_cفاروق منيب
490 _aروايات الهلال
_v0
650 0 4 _aالادب العربى
650 0 4 _aالادب
650 0 4 _aالقصص
942 _2ddc
_cBK
999 _c39880
_d39880